000
00274nam a2200109Ia 4500
008
190914s9999||||xx |||||||||||||| ||und||
100
_a
Helen Wylie
245
4
_a
The Seven Deadly Skills of Computing
260
_a
New Jersey
_b
Prentice Hall
_c
2000
300
_a
398
942
_c
BK
999
_c
9401
_d
9401